000 00418nam a2200145Ia 4500
008 230917s9999||||xx |||||||||||||| ||und||
040 _e174142
_aMAIN
041 _aEnglish
082 _a891.437731 MI261V
100 _aमदान, इन्द्रनाथ
245 0 _aविदा-अलविदा
260 _aदिल्ली
_bज्ञान भारती
_c1981
300 _a72 p.
942 _cHN
999 _c221899
_d221899